000 00793nam#a22002775a#4500
001 2578
008 150805s2012####ag#a###g#e####001#0#spa#d
245 1 0 _aLa Argentina Aborigen :
_bDe los primero pobladores a 1910 /
_cRaúl Mandrini.
250 _a1ª ed. 1ª reimp.
260 _aBuenos Aires :
_bSiglo Veintiuno Editores,
_c2012.
300 _a288p. ;
_c23 cm.
020 _a9789876290272
100 1 _aMandrini, Raúl.
_4aut
080 _a930.85(=1-81)(82)
084 _aM22
653 _aPrimeros pobladores
653 _aHipótesis clóvis
653 _aPueblos originarios
653 _aComunidades aldeanas
653 _aInvación europea
653 _aArgentina del centenario
040 _aAR-ClEAG
_cAR-ClEAG
005 20241107184749.0
003 AR-ClEAG
942 _cBK
999 _c2578
_d2578
980 _62
_aEvangelina Gallicchio
_82
_gEvangelina Gallicchio